Happiness The Key To Success And A Full Life (Record no. 111954)

MARC details
000 -LEADER
fixed length control field 00320pam a2200133 a 4500
020 ## - INTERNATIONAL STANDARD BOOK NUMBER
Terms of availability
041 ## - LANGUAGE CODE
Language code of original
082 ## - DEWEY DECIMAL CLASSIFICATION NUMBER
Classification number 570.10000000000002
Item number UPA
100 ## - MAIN ENTRY--PERSONAL NAME
Personal name Upadhya, S.
245 ## - TITLE STATEMENT
Title Happiness The Key To Success And A Full Life
Medium Textual Documents
260 ## - PUBLICATION, DISTRIBUTION, ETC.
Place of publication, distribution, etc. Pune
Name of publisher, distributor, etc. Hind Pocket Books
300 ## - PHYSICAL DESCRIPTION
Extent 138
930 ## - EQUIVALENCE OR CROSS-REFERENCE-UNIFORM TITLE HEADING [LOCAL, CANADA]
Uniform title 5124
Holdings
Withdrawn status Lost status Damaged status Not for loan Collection Home library Current library Shelving location Date acquired Source of acquisition Cost, normal purchase price Total Checkouts Full call number Barcode Date last seen Date last checked out Copy number Price effective from Koha item type
          Abhijit Kadam Institute of Management & Social Science, Solapur Abhijit Kadam Institute of Management & Social Science, Solapur   22/09/1999 Mahaveer General Store 75.00 2 570.10000000000002 UPA AKS-M-04528 09/05/2026 25/04/2026 1 01/03/2023 Book